000 00616nam a22001817a 4500
008 160407b xxu||||| |||| 00| 0 eng d
020 _a978-0-07-128770-8
082 _22010
_aDC 658.3
_bC26
100 _94896
_aCascio, Wayne F.
245 _aManaging human resources:
_bproductivity, quality of work life, profits/
_cWayne F. Cascio.
250 _aEighth Edition
260 _aBoston:
_bMcGraw-Hill/Irwin,
_cc2010.
300 _axxxi, 719 pages:
_billustrations;
_c25 cm.
500 _aIncludes references, glossary, and index.
650 0 _94899
_aPersonnel management
365 _b3,475.00
_cPhp
942 _2ddc
_cDC
999 _c1571
_d1571